000 00429nam a2200181Ia 4500
005 20240823060816.0
008 240823s9999||||xx |||||||||||||| ||und||
041 _aENGLISH
082 _A006.6 Q5
100 _aRanjan Parekh
245 0 _aPrinciples of Multimedia
250 _a2nd
260 _c2015
_bMcGraw Hill Educ
500 _aTRANSFERED
650 _aMultimedia
_bComputer Science
942 _cBK
999 _c232017
_d232017